[Event "Cappelle op 31st"]
[Site "Cappelle la Grande"]
[Date "2015.03.06"]
[Round "8"]
[White "Azarov, Sergei Nikolaevich"]
[Black "Rychagov, Andrey"]
[Result "1/2-1/2"]
[WhiteElo "2635"]
[BlackElo "2550"]
[Annotator "RR"]
[PlyCount "178"]
[EventDate "2015.02.28"]
[EventType "swiss"]
[EventRounds "9"]
[EventCountry "FRA"]
[SourceTitle "EXT 2016"]
[Source "ChessBase"]
[SourceDate "2015.10.08"]
[SourceVersion "1"]
[SourceVersionDate "2015.10.08"]
[SourceQuality "1"]

1. e4 {[%emt 0:00:00]} e6 {[%emt 0:00:00]} 2. d4 {[%emt 0:00:00]} d5 {[%emt 0:
00:00]} 3. Nd2 {[%emt 0:00:00]} c5 {[%emt 0:00:35]} 4. Ngf3 {[%emt 0:00:24]}
Nc6 {[%emt 0:00:20]} 5. Bb5 {[%emt 0:00:38]} (5. exd5 exd5 (5... Qxd5)) 5...
cxd4 {[%emt 0:06:32]} 6. Nxd4 {[%emt 0:00:20]} Bd7 {[%emt 0:00:19]} 7. Nxc6 {
[%emt 0:00:44]} Bxc6 {[%emt 0:00:52]} 8. Bxc6+ {[%emt 0:00:22]} bxc6 {[%emt 0:
00:04]} 9. c4 {[%emt 0:00:26]} Be7 $146 {[%emt 0:18:05]} (9... Nf6 10. Qa4 Qc7
11. exd5 exd5 12. O-O Be7 13. b3 O-O 14. Bb2 Rab8 15. cxd5 Nxd5 16. Qg4 Bf6 17.
Bxf6 Nxf6 18. Qf3 Rbd8 19. Ne4 Nxe4 20. Qxe4 Rfe8 21. Qc2 h6 22. Rad1 Qa5 23.
g3 g6 24. Qxc6 Qxa2 25. Ra1 Qxb3 26. Rxa7 Qe6 27. Qxe6 Rxe6 28. Rfa1 Red6 29.
Ra8 Rxa8 30. Rxa8+ Kg7 {1/2-1/2 (30) Naroditsky,D (2622)-Vitiugov,N (2735)
Caleta 2015}) 10. Qa4 {[%emt 0:03:11]} Qd7 {[%emt 0:04:09]} 11. O-O {[%emt 0:
01:02]} Rb8 {[%emt 0:13:48]} 12. Rd1 {[%emt 0:28:37] Un coup de centralisation
joué après une lonue reflexion} Rb4 $132 {[%emt 0:13:50]} 13. Qc2 {[%emt 0:
02:36]} Nf6 {[%emt 0:01:38]} 14. b3 {[%emt 0:02:40]} Rb7 {[%emt 0:09:14]} 15.
Bb2 {[%emt 0:02:59]} O-O {[%emt 0:01:28]} 16. Rac1 {[%emt 0:01:24]} Qe8 {
[%emt 0:02:28] La position Noire est passive mais solide} 17. Qd3 {[%emt 0:09:
20]} Qb8 {[%emt 0:02:07]} (17... a5 $5 {[%cal Ga5a4]}) 18. e5 {[%emt 0:10:55]
Il vallait peut-être mieux laisser la tension centrale} Nd7 {[%emt 0:01:05]}
19. Nf3 {[%emt 0:00:11]} a5 $1 {[%emt 0:01:47]} 20. Ba1 {[%emt 0:01:51]} a4 {
[%emt 0:02:29]} 21. bxa4 {[%emt 0:04:11]} Qa8 {[%emt 0:00:31]} 22. Qc2 {
[%emt 0:05:44]} Ra7 {[%emt 0:00:35]} 23. cxd5 {[%emt 0:06:30]} cxd5 {[%emt 0:
00:03]} 24. Qc6 {[%emt 0:01:55]} Ba3 $1 {[%emt 0:04:29]} 25. Rc2 {[%emt 0:00:
37]} Qxc6 {[%emt 0:03:56]} 26. Rxc6 {[%emt 0:00:05]} Rb8 {[%emt 0:00:14]} 27.
h4 {[%emt 0:01:51]} h6 {[%emt 0:02:58]} 28. Bd4 {[%emt 0:00:44]} Rxa4 {[%emt 0:
00:05]} 29. Rc7 {[%emt 0:02:11]} Nf8 {[%emt 0:02:06]} 30. Rd3 {[%emt 0:02:42]}
Ng6 {[%emt 0:01:11]} 31. g3 {[%emt 0:00:08]} Bf8 {[%emt 0:01:03]} 32. Rb3 {
[%emt 0:01:02]} Rba8 {[%emt 0:04:15]} 33. Rbb7 {[%emt 0:00:56]} Ne7 {[%emt 0:
01:55]} 34. Rxe7 {[%emt 0:02:46]} Bxe7 {[%emt 0:00:03]} 35. Rxe7 {[%emt 0:00:
04]} Rxa2 {[%emt 0:00:04]} 36. Be3 {[%emt 0:00:42]} R2a4 {[%emt 0:00:29]} 37.
Rd7 {[%emt 0:01:10]} Re4 {[%emt 0:00:53]} 38. h5 {[%emt 0:00:57]} Rc8 {[%emt 0:
00:54]} 39. Kg2 {[%emt 0:01:16]} Ra8 {[%emt 0:00:41]} 40. Kh3 {[%emt 0:00:00]}
Rc8 {[%emt 0:00:00]} 41. g4 $1 {[%emt 0:06:27]} Ra8 {[%emt 0:15:27]} 42. g5 {
[%emt 0:04:46]} hxg5 {[%emt 0:00:09]} 43. Nxg5 {[%emt 0:00:11]} Rxe5 {[%emt 0:
01:59]} 44. h6 $1 {[%emt 0:00:09]} gxh6 {[%emt 0:05:32]} 45. Nxf7 $36 {[%emt 0:
00:11]} Rxe3+ $1 {[%emt 0:00:23]} 46. fxe3 {[%emt 0:00:06]} Ra3 {[%emt 0:00:02]
} 47. Nxh6+ {[%emt 0:06:25]} Kf8 {[%emt 0:00:07]} 48. Ng4 {[%emt 0:00:51]} Ke8
$1 {[%emt 0:00:25]} 49. Rh7 {[%emt 0:01:47]} d4 $11 {[%emt 0:00:19]} 50. Kg3 {
[%emt 0:00:56]} dxe3 {[%emt 0:00:17]} 51. Kf3 {[%emt 0:00:12]} e2+ {[%emt 0:00:
45]} 52. Kxe2 {[%emt 0:00:05]} Rg3 {[%emt 0:00:20]} 53. Ne5 {[%emt 0:01:10]}
Kf8 {[%emt 0:01:32]} 54. Rf7+ {[%emt 0:00:17]} Ke8 {[%emt 0:00:29]} 55. Ra7 {
[%emt 0:00:11]} Kf8 {[%emt 0:00:35]} 56. Nd7+ {[%emt 0:00:51]} Ke8 {[%emt 0:00:
33]} 57. Nc5 {[%emt 0:00:51]} Rc3 {[%emt 0:00:56]} 58. Nd3 {[%emt 0:00:09]} Kd8
{[%emt 0:00:10]} 59. Ke3 {[%emt 0:00:19]} Rc7 {[%emt 0:00:17]} 60. Ra6 {
[%emt 0:00:14]} Ke7 {[%emt 0:00:15]} 61. Nf4 {[%emt 0:01:11]} Rc4 {[%emt 0:03:
26]} 62. Nxe6 {[%emt 0:00:39]} Rb4 {[%emt 0:00:53]} 63. Nd4 {[%emt 0:00:09]}
Rb1 {[%emt 0:00:13]} 64. Ke4 {[%emt 0:00:15]} Re1+ {[%emt 0:00:09]} 65. Kd5 {
[%emt 0:00:11]} Rd1 {[%emt 0:00:27]} 66. Re6+ {[%emt 0:00:25]} Kf7 {[%emt 0:00:
06]} 67. Re4 {[%emt 0:00:13]} Kf6 {[%emt 0:00:19]} 68. Rf4+ {[%emt 0:00:29]}
Kg5 {[%emt 0:01:00]} 69. Rf2 {[%emt 0:00:30]} Kg6 {[%emt 0:00:30]} 70. Ke5 {
[%emt 0:00:17]} Re1+ {[%emt 0:01:15]} 71. Ne2 {[%emt 0:00:07]} Kg7 {[%emt 0:01:
34]} 72. Ke6 {[%emt 0:00:14]} Ra1 {[%emt 0:00:36]} 73. Rg2+ {[%emt 0:00:36]}
Kf8 {[%emt 0:01:34]} 74. Nf4 {[%emt 0:01:40]} Ra6+ {[%emt 0:00:11]} 75. Ke5 {
[%emt 0:01:20]} Kf7 {[%emt 0:00:05]} 76. Nd5 {[%emt 0:01:11]} Ra1 {[%emt 0:00:
21]} 77. Rf2+ {[%emt 0:00:18]} Kg7 {[%emt 0:00:06]} 78. Rb2 {[%emt 0:00:52]}
Ra5 {[%emt 0:02:08]} 79. Ke6 {[%emt 0:00:54]} Ra1 {[%emt 0:01:16]} 80. Kf5 {
[%emt 0:01:29]} Ra7 {[%emt 0:00:45]} 81. Rb5 {[%emt 0:00:46]} Rf7+ {[%emt 0:00:
25]} 82. Kg5 {[%emt 0:00:08]} Ra7 {[%emt 0:01:25]} 83. Rb6 {[%emt 0:01:04]} Kf7
{[%emt 0:01:02]} 84. Kf5 {[%emt 0:00:14]} Kg7 {[%emt 0:00:16]} 85. Rb5 {
[%emt 0:06:45]} Rf7+ {[%emt 0:00:15]} 86. Kg5 {[%emt 0:00:14]} Ra7 {[%emt 0:00:
04]} 87. Nf4 {[%emt 0:00:19]} Kf7 {[%emt 0:00:33]} 88. Kf5 {[%emt 0:00:06]} Ke7
{[%emt 0:00:35]} 89. Ke5 {[%emt 0:01:13]} Kf7 {[%emt 0:00:32]} 1/2-1/2

[Event "Sautron op 16th"]
[Site "Sautron"]
[Date "2016.10.22"]
[Round "5.1"]
[White "Stany, George Anthony"]
[Black "Istratescu, Andrei"]
[Result "1/2-1/2"]
[WhiteElo "2471"]
[BlackElo "2600"]
[Annotator "RR"]
[PlyCount "76"]
[EventDate "2016.10.22"]
[EventType "swiss"]
[EventRounds "9"]
[EventCountry "FRA"]
[SourceTitle "EXT 2019"]
[Source "ChessBase"]
[SourceDate "2018.10.10"]
[SourceVersion "1"]
[SourceVersionDate "2018.10.10"]
[SourceQuality "1"]
[TimeControl "40/5400+30:1800+30"]
[WhiteClock "0:04:06"]
[BlackClock "0:03:30"]

1. e4 {[%emt 0:00:00]} e6 {[%emt 0:05:24]} 2. d4 {[%emt 0:00:00]} d5 {[%emt 0:
00:03]} 3. Nd2 {[%emt 0:00:36]} c5 {[%emt 0:00:27]} 4. exd5 {[%emt 0:00:48]}
Qxd5 {[%emt 0:00:22]} 5. Ngf3 {[%emt 0:00:21]} cxd4 {[%emt 0:00:15]} 6. Bc4 {
[%emt 0:00:15]} Qd7 $5 {[%emt 0:00:39] Une idée récente} (6... Qd6 {La
grande ligne} 7. O-O Nf6 8. Nb3 Nc6 9. Nbxd4 Nxd4 10. Nxd4 a6 (10... Bd7) 11.
Re1 Qc7 12. Qe2 h6 13. g3 b5 14. Bb3 Bd6 15. a4 O-O 16. axb5 e5 17. Nc6 Bb7 18.
c4 axb5 19. Rxa8 Qxc6 20. Rxf8+ Bxf8 21. f3 e4 22. cxb5 Qc5+ 23. Qf2 Qb4 24.
Bc2 exf3 25. h3 Qxb5 26. Be3 Qh5 27. Qf1 Ng4 28. Qd3 g6 29. Bb3 Nxe3 30. Rxe3
Qg5 31. Kh2 f2 32. Re8 Qf6 33. Bc4 Qc6 {0-1 (33) Karjakin,S (2762)-Kovalenko,I
(2700) Berlin 2015}) (6... Qd8 {L'alternative pour ne pas gêner le Bc8 mais
qui parait trop lente} 7. O-O $32) 7. O-O {[%emt 0:00:49]} Nc6 {[%emt 0:00:49]}
8. Nb3 {[%emt 0:00:42][%cal Gb3d4,Gf3d4]} Nf6 {[%emt 0:02:44]} (8... e5 $6 9.
Nxe5 Nxe5 10. Re1 Bd6 11. f4 $40 {[%csl Re8]}) 9. Nbxd4 {[%emt 0:00:40]} Nxd4 {
[%emt 0:00:43]} 10. Nxd4 {[%emt 0:00:10][%cal Gc4b5]} a6 $8 {[%emt 0:00:04]}
11. Re1 {[%emt 0:03:24]} (11. Bg5) 11... Bc5 {[%emt 0:06:07] L'idée de la
variante Qd7 et le Bf8 n'est plus gêné par la Qd6} (11... Qc7 {[%cal Gc7c4,
Gc8d7] Probablement une simple transposition} 12. Qe2 Bd6 $5 {[%cal Gd6h2]} (
12... Bc5) 13. Bg5 O-O 14. Bxf6 gxf6 15. Bd3 $14 f5 {Sjugirov,S (2673)-Goganov,
A (2632) Moscow Aeroflot op-A 16th 2017 (7) 1/2}) 12. Be3 {[%emt 0:13:45]
Joué après une longue réflexion mais la position reste théorique} (12. c3)
12... Qc7 {[%emt 0:03:28][%cal Gc7c4]} 13. Bb3 {[%emt 0:00:52]} O-O {[%emt 0:
06:51]} 14. Bg5 {[%emt 0:26:50] Une position critique} (14. c3 e5 {[%cal Gc8g4]
} 15. Nc2 Bg4 $132 {Geske,J (2399)-Berelowitsch,A (2543) Erfurt op 24th 2014 
(8) 1/2}) (14. Qf3 $5 {[%cal Ga1d1] Une alternative intéressante mais jouée
dans un blitz} e5 15. Nf5 e4 16. Qg3 Qxg3 17. Nxg3 Bd6 18. Bd4 $36 {[%csl Re4]
[%cal Gd4f6,Gg3e4];Mamedov,R (2688)-Cuenca Jimenez,J (2492) EU-ch blitz
Tallinn 2016 (5) 1-0}) 14... e5 {[%emt 0:13:35]} 15. Nf3 {[%emt 0:00:59]} Bg4
$146 {[%emt 0:01:29]} (15... Ng4 16. Bh4 Qb6 17. Qd2 Be6 18. Nxe5 Rad8 19. Nd3
Bxb3 20. axb3 Qd6 21. Qf4 Qxf4 22. Nxf4 g5 23. h3 Nxf2 24. Bxf2 Bxf2+ 25. Kxf2
gxf4 26. Ra4 Rd2+ 27. Re2 Rxe2+ 28. Kxe2 Re8+ 29. Kf3 Re3+ 30. Kf2 Re5 31. Rxf4
f5 32. Rc4 Re7 33. Rc5 Rf7 34. Kf3 Kg7 35. Kf4 Kg6 36. h4 Re7 37. Rxf5 Re2 38.
Rc5 Rxg2 39. b4 Re2 40. Rc7 b5 41. b3 Re6 42. c3 Kh6 43. c4 bxc4 44. bxc4 Rb6
45. b5 {Lambrechts,K (2255)-Geurink,J (2293) Groningen 2011 1-0}) 16. Bxf6 {
[%emt 0:07:43]} gxf6 {[%emt 0:00:10]} 17. Qd3 {[%emt 0:02:38]} Qb6 {[%emt 0:09:
23][%csl Rf2]} 18. Re2 {[%emt 0:02:05]} Rad8 $36 {[%emt 0:01:38]} 19. Qe4 {
[%emt 0:00:38]} Bh5 {[%emt 0:00:43]} 20. Qh4 {[%emt 0:06:13][%cal Gh4f6,Gh5g6]}
Bg6 {[%emt 0:03:22]} 21. Rae1 {[%emt 0:16:45][%csl Re1,Re2] Les R Blanches
sont assez passives} e4 $5 {[%emt 0:07:58]} 22. Nd2 {[%emt 0:03:02]} f5 {
[%emt 0:00:37] Les Noirs ont gagné de l'espace mais au détriment de
l'activité du Bg6} 23. Nc4 {[%emt 0:00:24]} Qc7 {[%emt 0:01:20][%cal Gf5f4,
Gf4f3]} 24. Qg5 {[%emt 0:03:13][%cal Gg5g8,Gh2h4,Gh4h5]} Rfe8 {[%emt 0:05:04]}
25. Ne3 {[%emt 0:02:06]} (25. h4 {[%cal Gh4h5]} Be7 $1 26. Qh6 Bf8 $36 {
[%csl Rh6]}) 25... Qe5 {[%emt 0:01:51]} 26. Nc4 {[%emt 0:03:25]} Qe7 {[%emt 0:
03:17]} 27. Qf4 {[%emt 0:03:03]} Kg7 {[%emt 0:03:13]} 28. Rd2 {[%emt 0:00:26]}
b5 {[%emt 0:02:26]} 29. Rxd8 {[%emt 0:00:13]} Rxd8 {[%emt 0:00:23]} 30. Ne3 {
[%emt 0:00:09]} Qf6 {[%emt 0:00:34]} 31. Nd5 {[%emt 0:00:09]} Qxb2 {[%emt 0:01:
29]} 32. h4 {[%emt 0:00:06]} (32. c3 $1 {[%csl Rb2][%cal Gf4e5] Coupant
l'échiquier en deux} Re8 33. Nc7 Re7 34. Ne6+ $5 fxe6 35. Qe5+ {[%cal Ge5c5,
Ge5g7]}) 32... h5 {[%emt 0:06:22]} 33. Rd1 {[%emt 0:00:10]} a5 {[%emt 0:07:37]}
34. c3 {[%emt 0:00:38]} Re8 {[%emt 0:03:51]} 35. Nc7 {[%emt 0:00:53]} Re7 {
[%emt 0:00:06]} 36. Nd5 {[%emt 0:00:34]} (36. Ne6+ fxe6 37. Qe5+) 36... Re8 {
[%emt 0:00:56]} 37. Nc7 {[%emt 0:00:05]} Re7 {[%emt 0:00:07]} 38. Nd5 {[%emt 0:
00:05]} Re8 {[%emt 0:00:03]} 1/2-1/2

[Event "Cappelle op 31st"]
[Site "Cappelle la Grande"]
[Date "2015.03.04"]
[Round "6"]
[White "Kotronias, Vasilios"]
[Black "Landa, Konstantin"]
[Result "1-0"]
[WhiteElo "2565"]
[BlackElo "2650"]
[Annotator "RR"]
[PlyCount "45"]
[EventDate "2015.02.28"]
[EventType "swiss"]
[EventRounds "9"]
[EventCountry "FRA"]
[SourceTitle "EXT 2016"]
[Source "ChessBase"]
[SourceDate "2015.10.08"]
[SourceVersion "1"]
[SourceVersionDate "2015.10.08"]
[SourceQuality "1"]

1. e4 e6 2. d4 d5 3. Nd2 c5 4. Ngf3 cxd4 5. exd5 Qxd5 6. Bc4 Qd7 $5 {La
dernière mode} (6... Qd6 {La grande ligne} 7. O-O Nf6 8. Nb3 Nc6 9. Nbxd4 Nxd4
10. Nxd4 Be7 11. c3 Qc7 12. Bb3 O-O 13. Qf3 Bd7 14. Re1 Rfe8 15. h3 Rad8 16.
Bf4 Qb6 17. Re2 Nd5 18. Bxd5 exd5 19. Rae1 Bc5 20. Rxe8+ Rxe8 21. Rxe8+ Bxe8
22. Qxd5 Bxd4 23. Qxd4 Qxd4 24. cxd4 Bc6 25. f3 Bd5 26. a3 f6 27. Kf2 Kf7 28.
h4 h5 29. g4 g6 30. gxh5 {1/2-1/2 (30) Karjakin,S (2760)-Nakamura,H (2776)
Zuerich 2015}) 7. O-O Nc6 8. Nb3 Nf6 9. Qe2 $5 {Les Blancs veulent développer
une Rd1 pour reprendre le Pd4} (9. Nbxd4 Nxd4 10. Nxd4 Qc7 11. Qe2 $14) 9... a6
10. Bf4 $146 (10. a4 Be7 11. Rd1 Qc7 12. Nbxd4 Bd7 13. Nxc6 Bxc6 14. Ne5 Bd5
15. Bxd5 Nxd5 16. c4 Nf6 17. Bf4 Qc8 18. g4 h6 19. h4 O-O 20. g5 hxg5 21. hxg5
Nh7 22. Qh5 Bxg5 23. Bxg5 Nxg5 24. Rd7 Ne4 25. Ra3 Nf6 26. Qh4 Qxd7 27. Nxd7
Nxd7 28. Rh3 f6 29. Qe4 Rfe8 30. Qxb7 Nc5 31. Qh1 Kf7 32. Rh7 f5 33. Qc6 Rac8
34. Qd6 Kg8 35. Qh2 Kf7 36. Qe5 Rg8 37. Rh3 Nd7 38. Qd4 Nc5 39. Qe5 Nd7 {
Adhiban,B (2646)-Nepomniachtchi,I (2714) Moscow 2015 1/2-1/2}) 10... Bd6 11.
Bg3 O-O 12. Rad1 $32 b5 13. Bd3 Bb7 14. c3 $1 Bxg3 15. fxg3 $5 (15. hxg3) 15...
Qd5 (15... Rfd8 {[%cal Gd7e7] Semble plus solide pour terminer le
développement}) 16. cxd4 Nb4 17. Bb1 Qh5 $13 18. Qd2 $1 {Gagne un tempo
important} a5 19. Ne5 Ng4 (19... Bd5 {[%csl Rd4] Bloquant une case sensible})
20. Nxg4 Qxg4 21. Nc5 $16 Bc6 $2 22. Rf4 Qg5 23. Nxe6 $1 1-0

[Event "ESP-chT CECLUB Honor"]
[Site "Melilla"]
[Date "2011.11.23"]
[Round "3"]
[White "Delchev, Aleksander"]
[Black "Illescas Cordoba, Miguel"]
[Result "1-0"]
[WhiteElo "2629"]
[BlackElo "2609"]
[Annotator "RR"]
[PlyCount "101"]
[EventDate "2011.11.21"]
[EventType "team-tourn"]
[EventRounds "7"]
[EventCountry "ESP"]
[SourceTitle "CBM 146"]
[Source "ChessBase"]
[SourceDate "2012.01.18"]
[SourceVersion "1"]
[SourceVersionDate "2012.01.18"]
[SourceQuality "1"]
[WhiteTeam "Solvay"]
[BlackTeam "Cajacanarias"]
[WhiteTeamCountry "ESP"]
[BlackTeamCountry "ESP"]

1. e4 e6 2. d4 d5 3. Nd2 c5 4. Ngf3 cxd4 5. Nxd4 Nf6 6. exd5 Qxd5 7. Nb5 Na6 8.
Nc3 Qd8 9. a3 Be7 10. Bc4 O-O 11. O-O Nc5 12. Qe2 a6 13. b4 Ncd7 14. Nf3 Qc7
15. Bd2 Re8 16. Bd3 b6 17. Ne4 Bb7 18. c4 Rac8 19. Rac1 h6 20. Rfd1 Red8 21.
Nxf6+ Bxf6 22. Be4 Bxe4 23. Qxe4 Ne5 24. Nxe5 Bxe5 25. g3 Bf6 26. Be3 Rxd1+ 27.
Rxd1 Qxc4 28. Qb7 Rf8 29. Bxb6 Qb3 30. Rd7 Qxa3 31. Bc5 Re8 32. Rxf7 Rd8 33.
Rd7 Rxd7 34. Qxd7 Qa1+ 35. Kg2 Qa2 36. h4 Qd5+ 37. Qxd5 exd5 38. h5 Kf7 39. f4
Ke6 40. Kf3 Kd7 $2 (40... Kf7 41. Ke2 g6 $11) 41. Ke3 $18 Ke6 42. Bd4 Be7 43.
Bxg7 Bxb4 44. Bxh6 a5 45. Bg7 a4 46. g4 (46. Bd4 Kf7 47. g4) 46... a3 47. Kd3
Kf7 48. Be5 a2 49. Kc2 Bd6 50. Kb2 d4 51. Kxa2 1-0

[Event "Olympiad Women-38"]
[Site "Dresden"]
[Date "2008.11.22"]
[Round "9"]
[White "Zatonskih, Anna"]
[Black "Rajlich, Iweta"]
[Result "1/2-1/2"]
[WhiteElo "2440"]
[BlackElo "2404"]
[Annotator "Rajlich,I"]
[PlyCount "103"]
[EventDate "2008.11.13"]
[EventType "team-swiss"]
[EventRounds "11"]
[EventCountry "GER"]
[SourceTitle "CBM 128"]
[Source "ChessBase"]
[SourceDate "2009.01.28"]
[SourceVersion "1"]
[SourceVersionDate "2009.01.28"]
[SourceQuality "1"]
[WhiteTeam "US of America (W)"]
[BlackTeam "Poland (W)"]
[WhiteTeamCountry "USA"]
[BlackTeamCountry "POL"]

1. e4 e6 2. d4 d5 3. Nd2 c5 4. Ngf3 cxd4 5. exd5 Qxd5 6. Bc4 Qd6 7. O-O Nf6 8.
Nb3 Nc6 9. Nbxd4 Nxd4 10. Qxd4 Bd7 $5 (10... Qxd4 11. Nxd4 Bd7 12. Bf4 Rc8 13.
Bb3 $11) 11. Be2 $5 (11. Qh4 $5 Be7 (11... Bc6 $5) 12. Bf4 Qb4 13. b3 Nd5 14.
Bg5 Bc6 15. Rfe1 Qc5 16. Rad1 Rd8 17. h3 h6 18. Bxd5 Rxd5 19. Rxd5 Bxd5 20.
Bxe7 Qxe7 21. Qa4+ Bc6 22. Qxa7 Bxf3 23. Qa8+ Qd8 24. Qxd8+ Kxd8 25. gxf3 $16 {
[%mdl 4096] variation from Rybka 3 opening book by Jeroen Nooman}) (11. Bf4 $5
Qxd4 12. Nxd4 Rc8 13. Bb3 $11 {is the main line.}) 11... Qxd4 (11... Qc7 $6 12.
Bg5 $1 $36 {with advantage.}) 12. Nxd4 {[%mdl 4096]} Bc5 (12... O-O-O $5 {
GM Sulypa}) 13. Nb3 $1 (13. Rd1 Rc8 $11) 13... Bb6 (13... Be7 $5 14. Bf3 Rc8
15. Bxb7 Rxc2 16. Be3 Rxb2 17. Bxa7 $13) 14. Bf3 (14. a4 a6 $1 (14... Bc6 $6
15. a5 Bc7 16. Nd4 $14) (14... O-O $6 15. Bf3 Rac8 $2 (15... Bc6 16. Bxc6 bxc6
17. a5 $14) 16. a5 Bd8 17. Bxb7 $16 Rxc2 18. Be3 {and White will have a very
dangeous passed pawn.}) 15. Bf3 O-O-O $1 16. Re1 (16. a5 Ba7 17. Be3 $5) 16...
Kb8 17. a5 Ba7 18. Bf4+ {1/2-1/2 Nevednichy,V (2531)-Akopian,V (2713)/Crete
GRE 2007}) (14. Bf4 $5 Rc8 $5 $11) (14. c4 $5 Rc8 15. a4 a6 $11) 14... Rc8 15.
a4 Bc6 (15... Rxc2 $5 16. a5 Bc7 17. Bxb7 O-O 18. Be3 Bb8 $13) 16. a5 Bd8 (
16... Bc7 $2 {[%mdl 16384]} 17. Bxc6+ bxc6 18. Be3 $16) 17. Bxc6+ Rxc6 $11 18.
Nd4 (18. c3 a6 $11) 18... Rc5 $6 (18... Rc4 $1 $11 {Rybka 3:} 19. c3 (19. Nb5
$6 Rxc2 20. Nxa7 O-O $15) (19. Be3 a6 $11) 19... a6 20. Ra3 Rc7 21. Ra4 Rd7 22.
Nf3 O-O 23. Bf4 Nh5 24. Be3 Bc7 25. Re1 Nf6 26. h3 Rfd8 27. Bf4 h6 28. Bxc7 {
[%eval -4,23]}) 19. a6 $1 bxa6 $1 20. Rxa6 $14 {/= White has a passed c2 pawn
+ minority on queen side, but the black pieces will take active positions.} Bb6
21. c3 (21. Be3 $5 $14 {/=}) 21... O-O 22. Nc2 Nd5 23. Rd1 Rfc8 24. Ra1 R5c7 (
24... a5 $5) 25. Kf1 f5 $6 {A tactical blunder - after Nd4 (a move which I
saw! but I thought Kf7 was a comfortable defence) I have to take on d4, giving
up the important bishop.} (25... h6 $5) 26. Nd4 $1 Bxd4 $8 (26... Re8 $2 27.
Nxe6 $16) (26... Kf7 $2 27. Nxf5 $18) 27. Rxd4 $14 Rb7 28. Rda4 (28. Ke2 $5 $14
Kf7 29. Ra6 Rcc7 30. f3 $14) (28. f3 $5 $14) 28... Rcc7 29. Ke2 Kf7 30. R1a2 (
30. Ra6 $14 h6 31. h4 g5 32. hxg5 hxg5 33. Rd6 f4) 30... e5 (30... h6 {was
better:} 31. h4 g5 $11) (30... g5 $5) 31. Be3 $2 {[%mdl 8192]} (31. f3 $14)
31... Nb6 $2 {[%mdl 8192] Here I saw what I had missed!  :-( I offered a draw..
.} (31... Rxb2+ $1 32. Rxb2 Nxc3+ $19) 32. Rb4 $1 $16 {Not taken of course -
White is much better now.} Nc4 $2 {[%mdl 8192]} (32... Nc8 33. Rxb7 Rxb7 34. b4
$16) 33. Rxa7 $1 $18 Rxa7 34. Bxa7 Ke6 (34... Rxa7 $2 35. Rxc4 {leads to a
quite hopeless rook endgame.}) 35. Be3 (35. Bb8 Rc6 36. b3 $18) 35... f4 36.
Bc1 g5 37. Ra4 e4 {Played because of the opponent's time trouble.} (37... Kf5)
38. Ra6+ $2 {[%mdl 8192]} (38. b3 $1 $18 Ne5 (38... Nd6 39. c4 $18) 39. Rxe4 $1
Kf5 40. f3 Rxc3 (40... Nxf3 41. gxf3 Rxc3 42. Rc4 Rxb3 43. h4 h6 44. Rc6 gxh4
45. Rc4 $18) 41. Rxe5+ $18) 38... Kf5 $36 {Black has almost full compensation
for the missing pawn!} 39. b3 f3+ $6 {Too early!!} (39... Ne5 $1 $44 40. Bd2
f3+ 41. gxf3 exf3+ 42. Ke1 Rd7 {with full compensation.}) 40. gxf3 exf3+ 41.
Kd1 $1 $14 (41. Kxf3 $2 Ne5+ 42. Ke2 (42. Kg2 Rxc3 $11) 42... Rxc3 $11) 41...
Ne5 42. Ra5 $1 Ke4 $2 {[%mdl 8192] This move is losing.} (42... Ke6 $1 43. Bxg5
Rxc3 44. Rb5 $14 Ng4 45. Bh4 Nxh2 {Black has good chances to draw. The endgame
K+R+B & K+R is likely to occur.}) 43. Bxg5 $1 $18 Ng4 44. Bh4 $1 Rxc3 45. Ra4+
$2 {[%mdl 8192]} (45. h3 $1 $18 Nh6 46. Ra4+ Kd5 (46... Kd3 47. Bf6 $18) 47.
Rb4 Nf5 48. Bf6 Rc6 49. Bb2 Rh6 50. Rf4 Nh4 51. Bc1 $18) 45... Kf5 $8 $16 46.
Bg3 $2 {[%mdl 8192] This would be a very good move if Black could not take the
dangerous b3-pawn.} (46. h3 $1 $16 Ne5 47. Rb4 {with serious advantage}) 46...
Rxb3 $1 {With the b3-pawn gone, the worst is over for Black.} 47. Rf4+ Kg5 $8
48. h4+ Kh5 $8 49. Rf5+ Kh6 $8 (49... Kg6 50. Rg5+ $18) 50. Bf4+ $2 (50. Kc2 $1
{would give some practical chances:} Rb4 $1 (50... Ra3 $2 51. Bf4+ Kg6 52. Rg5+
Kf6 53. Rxg4 Kf5 54. Bd6 Ra2+ 55. Kb3 Kxg4 (55... Rxf2 56. Rf4+ Ke6 57. Bc5 Rf1
58. Bd4 $1 $18) 56. Kxa2 Kxh4 57. Kb3 Kh3 58. Kc4 $18) (50... Rb6 $6 51. h5 Nf6
52. Bf4+ Kg7 53. Be5 Kf7 54. Rxf3 Ke7 55. Rxf6 Rxf6 56. Bxf6+ Kxf6 57. Kd3 Kg5
58. Ke4 Kxh5 59. f4 Kg6 $11) 51. Rxf3 $14 {/=} Kg6 52. Ra3 Nh6 {To make a draw
Black needs to exchange the knight for the bishop => if he can do so, Black
can even give up the h-pawn achieving a theoretical draw (rook + f-pawn +
h-pawn vs rook) draw. Exchanging rooks will also make an "easy draw" for Black.
}) 50... Kg6 $11 51. Rg5+ Kf6 52. Kc2 $11 (52. Rxg4 Kf5 {White missed this
black resource.}) 1/2-1/2